| 000 | 00844cam a2200229 4500 | ||
|---|---|---|---|
| 001 | D15524 | ||
| 008 | 090401t1982 xxu||||| |||| 00| 0 eng d | ||
| 035 | _a(Sirsi) u23382 | ||
| 041 | _aeng | ||
| 050 | _a526.982 | ||
| 100 | _aGates, J.W.C. (ed) | ||
| 245 | _aInternational archives of photogrammetry Vol. 24 Part V/1 - 2: precision and speed in close range photogrammetry | ||
| 260 |
_aLondon _bBrit Nat Comm for Photogrammetry on beha _c1982 |
||
| 300 | _a2v. (557p). ill. 30cm | ||
| 350 | _a15 | ||
| 520 | _aIn association with Surveyors Publications; Filed in box RICS 1982/44 AC and 1982/44 aAC | ||
| 700 | _aAtkinson, K.B. | ||
| 710 |
_aRoyal Institution of Chartered Surveyors _94900 |
||
| 710 |
_aInternational Society for Photogrammetry and Remote SensingCommission V: York 1982. _91122 |
||
| 942 | _n0 | ||
| 948 | _c04/03/1997 | ||
| 999 |
_c88395 _d88395 |
||